Studies in genetics : (Record no. 69274)
[ view plain ]
| 000 -LEADER | |
|---|---|
| fixed length control field | 00674nam a2200229 a 4500 |
| 001 - CONTROL NUMBER | |
| control field | 69274 |
| 003 - CONTROL NUMBER IDENTIFIER | |
| rucl marc code | BD-RjUL |
| 005 - DATE AND TIME OF LATEST TRANSACTION | |
| control field | 20211209081852.0 |
| 008 - FIXED-LENGTH DATA ELEMENTS--GENERAL INFORMATION | |
| fixed length control field | 170410s1962 inua 000 0 enge |
| 035 ## - SYSTEM CONTROL NUMBER | |
| System control number | (BD-RjUL)69485 |
| 040 ## - CATALOGING SOURCE | |
| Original cataloging agency | DLC |
| Transcribing agency | WSU |
| Modifying agency | SER |
| -- | MYG |
| -- | BD-RjUL |
| Language of cataloging | eng |
| 041 ## - LANGUAGE CODE | |
| Language code of text/sound track or separate title | eng |
| 082 ## - DEWEY DECIMAL CLASSIFICATION NUMBER | |
| Edition number | 23 |
| Classification number | 576.5 |
| Author mark and year | MUS 1962 |
| 090 ## - LOCALLY ASSIGNED LC-TYPE CALL NUMBER (OCLC); LOCAL CALL NUMBER (OCLC) | |
| Classification number (OCLC) (R) ; Classification number, CALL (RLIN) (NR) | QH431 |
| Local cutter number (OCLC) ; Book number/undivided call number, CALL (RLIN) | .M958 |
| 099 ## - LOCAL FREE-TEXT CALL NUMBER (OCLC) | |
| Bangla Class number | QH431.M958 |
| 100 1# - MAIN ENTRY--PERSONAL NAME | |
| Personal name | Muller, H. J. |
| Fuller form of name | (Hermann Joseph), |
| Dates associated with a name | 1890-1967. |
| 9 (RLIN) | 205238 |
| 245 10 - TITLE STATEMENT | |
| Title | Studies in genetics : |
| Remainder of title | the selected papers of H.J. Muller. |
| 260 ## - PUBLICATION, DISTRIBUTION, ETC. (IMPRINT) | |
| Place of publication, distribution, etc. | Bloomington : |
| Name of publisher, distributor, etc. | Indiana University Press, |
| Date of publication, distribution, etc. | 1962. |
| 300 ## - PHYSICAL DESCRIPTION | |
| Pagination | 618 p. : |
| Illustrations | ill. ; |
| Size | 24 cm. |
| 650 #0 - SUBJECT ADDED ENTRY--TOPICAL TERM | |
| Topical term or geographic name as entry element | Genetics. |
| 9 (RLIN) | 205239 |
| 942 ## - ADDED ENTRY ELEMENTS (KOHA) | |
| Source of classification or shelving scheme | Dewey Decimal Classification |
| Koha item type | Books |
| Lost status | Source of classification or shelving scheme | Damaged status | Not for loan | Collection code | Permanent Location | Current Location | Shelving location | Date acquired | Source of acquisition | Cost, normal purchase price | Total Checkouts | Full call number | Date last seen | Copy number | Koha item type |
|---|---|---|---|---|---|---|---|---|---|---|---|---|---|---|---|
| Dewey Decimal Classification | Not For Loan | Non-fiction | Central Library, University of Rajshahi | Central Library, University of Rajshahi | Reading Room | 11/10/1965 | Zeithinger | 50.00 | 576.5 MUS 1962 | 10/04/2017 | C-1 | Books | |||
| Dewey Decimal Classification | Non-fiction | Central Library, University of Rajshahi | Central Library, University of Rajshahi | 11/10/1965 | Zeitlinger | 86.00 | 576.5 MUS 1962 | 08/01/2019 | C-2 | Books |